000
00310 a2200145 4500
001
165472
020
_a
040
_c
Magnum
100
_a
Fux, Maria
240
1
0
_a
Formacao em dancaterapia
_l
por
245
1
0
_a
Formacao em dancaterapia
362
0
_a
1899
697
_a
CIENCIAS MEDICAS SAUDE
942
_c
BK
999
_c
165472
_d
165472